| 000 | 00423nam a2200133Ia 4500 | ||
|---|---|---|---|
| 008 | 220214s9999 xx 000 0 und d | ||
| 245 | 0 | _aANRPC NEWS | |
| 260 |
_bAssociation of Natural Rubber Producing Countries, Kuala Lumpur _aMalaysia |
||
| 310 | _aQ | ||
| 500 | _aEnding Volume & Year: 15, 2000 | ||
| 500 | _aMissing Volume: 4(3);9(2-4);10(4);14(3,4);15(3-4) | ||
| 500 | _aStarting Volume & Year: 4, 1989 | ||
| 942 | _cBJ | ||
| 999 |
_c18599 _d18599 |
||